Statistics for NHL Captains 2018-19

Click here to take the quiz!

General Stats

  • This quiz has been taken 24 times
  • The average score is 26 of 31

Answer Stats

TeamAssumed RoleCaptain% Correct
Florida Panthers2018Aleksander Barkov
100%
Washington Capitals2009Alexander Ovechkin
100%
LA Kings2016Anze Kopitar
100%
Winnipeg Jets2016Blake Wheeler
100%
Edmonton Oilers2016Connor McDavid
100%
Colorado Avalanche2012Gabe Landeskog
100%
Chicago Blackhawks2008Jonathon Toews
100%
Anaheim Ducks2010Ryan Getzlaf
100%
Pittsburgh Penguins2007Sidney Crosby
100%
Tampa Bay Lightning2013Steven Stamkos
100%
Boston Bruins2006Zdeno Chara
100%
Philadelphia Flyers2012Claude Giroux
95%
Buffalo Sabres2018Jack Eichel
95%
Dallas Stars2013Jamie Benn
95%
Calgary Flames2013Mike Giordano
90%
Nashville Predators2017Roman Josi
90%
Montreal Canadiens2018Shea Weber
85%
St Louis Blues2016Alex Pietrangelo
80%
Arizona Coyotes2018Oliver Ekman-Larsson
80%
San Jose Sharks2015Joe Pavelski
75%
Toronto Maple LeafsVacantMarleau / Rielly / Tavares
75%
New York RangersVacantFast / Kreider / Staal / Zibanejad
70%
Detroit Red WingsVacantAbdelkader / Kronwall / Larkin / Nielsen
65%
New York Islanders2018Anders Lee
65%
Carolina Hurricanes2018Justin Williams
65%
Minnesota Wild2009Mikko Koivu
65%
New Jersey Devils2015Andy Greene
60%
Vancouver CanucksVacantEdler / Horvat / Sutter / Tanev
60%
Columbus Blue Jackets2015Nick Foligno
60%
Vegas Golden KnightsVacantBellemare / Engelland / Smith
45%
Ottowa SenatorsVacantBorowiecki / Smith
40%

Score Distribution

Percentile by Number Answered

Percent of People with Each Score

Your Score History

You have not taken this quiz